LIBRARY & INFORMATION CENTRE, KCAET, TAVANUR

ONLINE PUBLIC ACCESS CATALOGUE (OPAC)

Fundamental cocepts of elementary mathematics / (Record no. 5380)

MARC details
000 -LEADER
fixed length control field 00505cam a2200181ua 4500
041 ## - LANGUAGE CODE
Language code of text/sound track or separate title eng
082 ## - DEWEY DECIMAL CLASSIFICATION NUMBER
Classification number 512.4
Item number BRU/FU
100 ## - MAIN ENTRY--AUTHOR NAME
Personal name Brumfiel, Charles F .
245 ## - TITLE STATEMENT
Title Fundamental cocepts of elementary mathematics /
250 ## - EDITION STATEMENT
Edition statement 1 /
260 ## - PUBLICATION, DISTRIBUTION, ETC. (IMPRINT)
Place of publication London :
Name of publisher Addison-Wesley Publishing Company ,
Year of publication 1962.
300 ## - PHYSICAL DESCRIPTION
Number of Pages 340 ; .
700 1# - ADDED ENTRY--PERSONAL NAME
Personal name Eicholz, Robert E .
700 1# - ADDED ENTRY--PERSONAL NAME
Personal name Shanks, Merrill E .
942 ## - ADDED ENTRY ELEMENTS (KOHA)
Koha item type Books
Holdings
Withdrawn status Lost status Damaged status Home library Current library Date acquired Full call number Accession Number Koha item type
Withdrawn     KAUAET KAUAET 07/04/2012 512.4 7984 Books
free website counter